| 000 | 00630nam a2200205 a 4500 | ||
|---|---|---|---|
| 005 | 20140310183500.0 | ||
| 008 | 100301s19uu xx 00 eng d | ||
| 020 | _a139781905422555 | ||
| 050 |
_aPN 1995.6 _b.F74 2007 |
||
| 100 | _aFrench, Philip | ||
| 245 |
_aCensoring the moving image / _cPhilip French, Julian Petley. |
||
| 260 |
_aNew York : _bSeagull Books, _c2007. |
||
| 300 |
_a122 p. : _bill. ; _c18 CM. |
||
| 521 | _aMC | ||
| 650 |
_aImage _xProduction techniques. |
||
| 650 |
_aFilms _xcritics. 3. Motion pictures _xHandbooks, manuals, etc. |
||
| 700 | _aPetley, Julian | ||
| 942 |
_cBK _2lcc _kFOR |
||
| 999 |
_c23880 _d23880 |
||